000
00273nam a2200121 4500
999
_c
20131
_d
20131
005
20190729111546.0
008
190729b ||||| |||| 00| 0 eng d
040
_c
LIRC
100
_a
Sippy, Ramesh
245
_a
Sholay
260
_a
Mumbai
_b
Pen DVD
_c
2011
942
_2
ddc
_c
CD